[Event "Memorial Kauska"]
[Site "?"]
[Date "2008.??.??"]
[Round "?"]
[White "Cipka, Ivan"]
[Black "Gubás, Jan"]
[Result "1/2-1/2"]
[WhiteElo "2461"]
[BlackElo "2343"]
[PlyCount "47"]
[EventDate "2008.??.??"]
[EventType "corr"]
[SourceDate "2004.06.03"]

1. e4 e5 2. Nf3 Nc6 3. Bb5 a6 4. Ba4 Nf6 5. O-O Bc5 6. c3 b5 7. Bc2 d6 8. d4
Bb6 9. h3 Bb7 10. Be3 exd4 11. cxd4 Nb4 12. Nc3 Nxc2 13. Qxc2 O-O 14. e5 dxe5
15. dxe5 Bxe3 16. fxe3 Nd7 17. Rad1 Qe7 18. Nd5 Bxd5 19. Rxd5 Nb6 20. Rd3 Nc4
21. Qc3 Rae8 22. Rc1 c5 23. Rd5 Nb6 24. Rd6 1/2-1/2

[Event "Memorial Kauska"]
[Site "?"]
[Date "2008.??.??"]
[Round "?"]
[White "Cipka, Ivan"]
[Black "Nedoma, Petr"]
[Result "1/2-1/2"]
[WhiteElo "2461"]
[BlackElo "2351"]
[PlyCount "71"]
[EventDate "2008.??.??"]
[EventType "corr"]
[SourceDate "2004.06.03"]

1. e4 c5 2. Nf3 Nc6 3. d4 cxd4 4. Nxd4 Nf6 5. Nc3 e5 6. Ndb5 d6 7. Bg5 a6 8.
Na3 b5 9. Nd5 Be7 10. Bxf6 Bxf6 11. c3 O-O 12. Nc2 Bg5 13. a4 bxa4 14. Rxa4 a5
15. Bc4 Rb8 16. b3 Kh8 17. O-O f5 18. exf5 Bxf5 19. Nce3 Bd7 20. Qd3 Ne7 21.
Ra2 Nxd5 22. Bxd5 Qc7 23. Rfa1 Bc6 24. Nd1 Bxd5 25. Qxd5 Qb7 26. Qxb7 Rxb7 27.
Rb1 Bd8 28. c4 Kg8 29. Nc3 Bb6 30. Kf1 Kf7 31. b4 axb4 32. Rxb4 Rbb8 33. Rab2
Ba7 34. Rb7+ Ke6 35. Ne4 d5 36. cxd5+ 1/2-1/2

[Event "Memorial Kauska"]
[Site "?"]
[Date "2008.??.??"]
[Round "?"]
[White "Cipka, Ivan"]
[Black "Novák, Vratislav"]
[Result "1-0"]
[WhiteElo "2461"]
[BlackElo "2305"]
[PlyCount "71"]
[EventDate "2008.??.??"]
[EventType "corr"]
[SourceDate "2004.06.03"]

1. e4 c5 2. Nf3 d6 3. d4 cxd4 4. Nxd4 Nf6 5. Nc3 Nc6 6. Bg5 e6 7. Qd2 a6 8.
O-O-O h6 9. Nxc6 bxc6 10. Bf4 d5 11. Qe3 Bb4 12. a3 Be7 13. h4 a5 14. g4 Nd7
15. exd5 cxd5 16. Bb5 O-O 17. g5 h5 18. Na4 Bb7 19. Bxd7 Qxd7 20. Nb6 d4 21.
Nxd7 dxe3 22. Nxf8 Bxh1 23. Rxh1 Kxf8 24. Bxe3 Bd6 25. Rd1 Ke7 26. a4 Rc8 27.
c3 Bc5 28. Kc2 Bxe3 29. fxe3 Rc5 30. e4 Rc8 31. b3 f6 32. g6 Rc5 33. Kd3 f5 34.
Kd4 Rc8 35. Rf1 Kf6 36. b4 1-0

[Event "Memorial Kauska"]
[Site "?"]
[Date "2008.??.??"]
[Round "?"]
[White "Cipka, Ivan"]
[Black "Pecka, Josef"]
[Result "1-0"]
[WhiteElo "2461"]
[BlackElo "2305"]
[PlyCount "59"]
[EventDate "2008.??.??"]
[EventType "corr"]
[SourceDate "2004.06.03"]

1. e4 e6 2. d4 d5 3. Nc3 dxe4 4. Nxe4 Nf6 5. Nxf6+ gxf6 6. Nf3 Nc6 7. c3 Qd5 8.
Bd3 Bd7 9. Qb3 Qxb3 10. axb3 Ne7 11. b4 Bg7 12. O-O O-O 13. Bf4 Nd5 14. Bg3 a6
15. Rfd1 Bb5 16. c4 Nxb4 17. cxb5 Nxd3 18. Rxd3 axb5 19. Rda3 Rxa3 20. Rxa3 Rc8
21. Ra7 c5 22. dxc5 Rxc5 23. Bf4 Rd5 24. g3 h5 25. Rxb7 Rd3 26. Kg2 Rb3 27. Bc1
Rb4 28. h3 Bf8 29. Bd2 Rxb2 30. Bc3 1-0

[Event "Memorial Kauska"]
[Site "?"]
[Date "2008.??.??"]
[Round "?"]
[White "Cipka, Ivan"]
[Black "Popelka, Miloslav"]
[Result "1-0"]
[WhiteElo "2461"]
[BlackElo "2457"]
[PlyCount "115"]
[EventDate "2008.??.??"]
[EventType "corr"]
[SourceDate "2004.06.03"]

1. e4 c5 2. Nf3 d6 3. d4 cxd4 4. Nxd4 Nf6 5. Nc3 a6 6. Bg5 e6 7. f4 Qb6 8. Qd2
Qxb2 9. Rb1 Qa3 10. e5 Nfd7 11. f5 Nxe5 12. fxe6 fxe6 13. Be2 d5 14. O-O Bc5
15. Kh1 Bxd4 16. Nxd5 exd5 17. Qxd4 Qd6 18. Bh5+ g6 19. Rf6 Nbc6 20. Rxd6 Nxd4
21. Rd8+ Kf7 22. Rxh8 gxh5 23. Rf1+ Nf5 24. Rxf5+ Bxf5 25. Rxa8 d4 26. Rb8 Be4
27. Bh4 Nc4 28. Bf2 Na3 29. Bxd4 Nxc2 30. Bf2 Nb4 31. a4 Ke6 32. Re8+ Kd5 33.
Re7 b5 34. Rd7+ Kc6 35. Rd4 Nd3 36. Bg3 h4 37. axb5+ axb5 38. Bxh4 Bg6 39. Be7
Kb6 40. h4 Ne5 41. Bf8 Nc6 42. Rf4 Ka5 43. Kg1 b4 44. g4 b3 45. Ba3 Kb5 46. g5
Bc2 47. Kf2 Ne5 48. Rb4+ Kc6 49. Ke3 Kd5 50. Rd4+ Ke6 51. h5 Kf5 52. Rd5 Ke6
53. Rc5 Bf5 54. Rc3 Bc2 55. Kd4 Kf5 56. Rc5 Kg4 57. Kxe5 Kxh5 58. Rxc2 1-0

[Event "Memorial Kauska"]
[Site "?"]
[Date "2008.??.??"]
[Round "?"]
[White "Cipka, Ivan"]
[Black "Sýkora, Josef"]
[Result "1/2-1/2"]
[WhiteElo "2461"]
[BlackElo "2322"]
[PlyCount "54"]
[EventDate "2008.??.??"]
[EventType "corr"]
[SourceDate "2004.06.03"]

1. e4 e5 2. Nf3 Nc6 3. Bb5 a6 4. Ba4 Nf6 5. O-O Be7 6. Re1 b5 7. Bb3 O-O 8. c3
d6 9. h3 Nb8 10. d4 Nbd7 11. Nbd2 Bb7 12. Bc2 Re8 13. Nf1 Bf8 14. Ng3 g6 15. a4
c5 16. d5 c4 17. Be3 Qc7 18. Nh2 h5 19. Qe2 Nc5 20. Nf3 Bg7 21. Ra2 Rec8 22.
Rea1 Qd8 23. Ng5 Nh7 24. Nxh7 Kxh7 25. Qf3 Kg8 26. Nf1 Qc7 27. Nd2 Rcb8 1/2-1/2

[Event "Memorial Kauska"]
[Site "?"]
[Date "2008.??.??"]
[Round "?"]
[White "Cipka, Ivan"]
[Black "Valák, Alois"]
[Result "1/2-1/2"]
[WhiteElo "2461"]
[BlackElo "2350"]
[PlyCount "57"]
[EventDate "2008.??.??"]
[EventType "corr"]
[SourceDate "2004.06.03"]

1. e4 c5 2. Nf3 Nc6 3. d4 cxd4 4. Nxd4 Nf6 5. Nc3 e5 6. Ndb5 d6 7. Nd5 Nxd5 8.
exd5 Nb8 9. c4 a6 10. Nc3 Be7 11. Bd3 O-O 12. Be3 f5 13. O-O e4 14. Be2 Nd7 15.
Qd2 Ne5 16. b4 b6 17. Rfd1 Rf6 18. Bf4 Ng6 19. Bg5 Rf8 20. Bxe7 Qxe7 21. Qe3
Rb8 22. c5 bxc5 23. bxc5 Qe5 24. Rac1 dxc5 25. Qxc5 f4 26. Bc4 Kh8 27. Qd4 Bg4
28. Qxe5 Nxe5 29. Rd4 1/2-1/2

[Event "Memorial Kauska"]
[Site "?"]
[Date "2008.??.??"]
[Round "?"]
[White "Dedina, Miroslav"]
[Black "Cipka, Ivan"]
[Result "1/2-1/2"]
[WhiteElo "2366"]
[BlackElo "2461"]
[PlyCount "54"]
[EventDate "2008.??.??"]
[EventType "corr"]
[SourceDate "2004.06.03"]

1. e4 e5 2. Nf3 Nf6 3. Nxe5 d6 4. Nf3 Nxe4 5. d4 d5 6. Bd3 Bd6 7. O-O O-O 8. c4
c6 9. Re1 Re8 10. Nc3 Nxc3 11. bxc3 Rxe1+ 12. Qxe1 h6 13. Bd2 Be6 14. Qb1 b6
15. cxd5 Bxd5 16. Bh7+ Kh8 17. Bf5 Na6 18. Qd3 Qf6 19. Re1 Nc7 20. Ne5 Bxe5 21.
Rxe5 Bxa2 22. c4 Rd8 23. Qe2 Qd6 24. Bc3 Qa3 25. Bb2 Qb4 26. Bd3 Ne6 27. h4 a5
1/2-1/2

[Event "Memorial Kauska"]
[Site "?"]
[Date "2008.??.??"]
[Round "?"]
[White "Dedina, Miroslav"]
[Black "Glaser, Karel"]
[Result "1/2-1/2"]
[WhiteElo "2366"]
[BlackElo "2303"]
[PlyCount "86"]
[EventDate "2008.??.??"]
[EventType "corr"]
[SourceDate "2004.06.03"]

1. e4 e5 2. Nf3 Nc6 3. Bc4 Bc5 4. b4 Bxb4 5. c3 Ba5 6. d4 d6 7. Qb3 Qd7 8. dxe5
Bb6 9. Nbd2 dxe5 10. Ba3 Na5 11. Qb4 c5 12. Qb2 Qe7 13. Bb5+ Nc6 14. O-O Nf6
15. c4 Nd7 16. Nb3 O-O 17. Rfd1 Nb4 18. Bxd7 Bxd7 19. Qxe5 Rae8 20. Bxb4 cxb4
21. c5 Bd8 22. Qd4 Bg4 23. Qxb4 Bxf3 24. gxf3 Qg5+ 25. Kf1 Qh5 26. Kg2 Re6 27.
Rd3 Rg6+ 28. Kf1 Bf6 29. Rad1 Qxh2 30. Ke2 Rg2 31. Rf1 Bh4 32. Qe1 h6 33. Rd5
f5 34. Nd2 fxe4 35. Nxe4 Qf4 36. Qc3 Re8 37. Kd1 Kh8 38. Kc2 Qf7 39. Rfd1 Bxf2
40. R5d2 Qg6 41. Kb3 Bh4 42. Rxg2 Qxg2 43. Rd6 Bg5 1/2-1/2

[Event "Memorial Kauska"]
[Site "?"]
[Date "2008.??.??"]
[Round "?"]
[White "Dedina, Miroslav"]
[Black "Kouba, Petr"]
[Result "1/2-1/2"]
[WhiteElo "2366"]
[BlackElo "2311"]
[PlyCount "69"]
[EventDate "2008.??.??"]
[EventType "corr"]
[SourceDate "2004.06.03"]

1. e4 e5 2. Nf3 Nc6 3. Bc4 Bc5 4. b4 Bxb4 5. c3 Ba5 6. d4 exd4 7. Qb3 Qe7 8.
O-O Bb6 9. cxd4 Nxd4 10. Nxd4 Bxd4 11. Nc3 Nf6 12. Ba3 d6 13. Rad1 Bxc3 14.
Qxc3 Qe5 15. Qc1 O-O 16. Bb2 Qe7 17. e5 Ne8 18. Bd3 Be6 19. Rfe1 Rd8 20. Qc2 h6
21. f4 Qd7 22. Bh7+ Kh8 23. Be4 Qb5 24. f5 Bd7 25. Rb1 Qa5 26. f6 Bc6 27. Bxc6
bxc6 28. fxg7+ Nxg7 29. e6 fxe6 30. Rxe6 Qh5 31. Re7 Rf7 32. Rxf7 Qxf7 33. Rf1
Qe8 34. h3 d5 35. Qd2 1/2-1/2

[Event "Memorial Kauska"]
[Site "?"]
[Date "2008.??.??"]
[Round "?"]
[White "Dedina, Miroslav"]
[Black "Nedoma, Petr"]
[Result "1/2-1/2"]
[WhiteElo "2366"]
[BlackElo "2351"]
[PlyCount "91"]
[EventDate "2008.??.??"]
[EventType "corr"]
[SourceDate "2004.06.03"]

1. e4 c5 2. Nf3 Nc6 3. Nc3 Nf6 4. Bb5 g6 5. h3 d6 6. e5 dxe5 7. Nxe5 Bd7 8.
Nxc6 Bxc6 9. Bxc6+ bxc6 10. d3 Nd5 11. Qf3 Bg7 12. O-O O-O 13. Ne4 Rb8 14. Rb1
Qb6 15. Bd2 f5 16. Ng5 e5 17. Ne6 Rfe8 18. Nxg7 Kxg7 19. Rfe1 Qc7 20. a3 Kg8
21. c4 Nb6 22. b3 Re6 23. Bc3 Rbe8 24. Rb2 Nd7 25. Qd1 Qd6 26. Rd2 f4 27. Kh2
Rf8 28. b4 Rfe8 29. Qa4 Qc7 30. Rde2 Rd6 31. Qd1 Rde6 32. Kg1 Qd6 33. Rd2 a6
34. Ra2 Rb8 35. Rae2 Rbe8 36. Qd2 R6e7 37. f3 Re6 38. Kh2 g5 39. Qc2 h5 40. Kg1
g4 41. hxg4 hxg4 42. fxg4 Rh6 43. Re4 Qf6 44. Qd2 Qh8 45. Kf2 Rhe6 46. Kg1
1/2-1/2

[Event "Memorial Kauska"]
[Site "?"]
[Date "2008.??.??"]
[Round "?"]
[White "Dedina, Miroslav"]
[Black "Novák, Vratislav"]
[Result "1-0"]
[WhiteElo "2366"]
[BlackElo "2305"]
[PlyCount "75"]
[EventDate "2008.??.??"]
[EventType "corr"]
[SourceDate "2004.06.03"]

1. e4 c5 2. Nf3 d6 3. d4 cxd4 4. Nxd4 Nf6 5. Nc3 Nc6 6. Bg5 e6 7. Qd2 a6 8.
O-O-O h6 9. Nxc6 bxc6 10. Bf4 d5 11. Qe3 Bb4 12. Be2 O-O 13. e5 Nd7 14. Qg3
Bxc3 15. Qxc3 Rb8 16. Rd3 Qb6 17. Rg3 d4 18. Qa3 Kh8 19. Kb1 Qb4 20. Qxb4 Rxb4
21. Bd2 Rb7 22. f4 c5 23. Bxa6 Rb8 24. Bxc8 Rfxc8 25. c3 dxc3 26. Rxc3 Nb6 27.
Rc2 c4 28. Rhc1 Kh7 29. Be1 Na4 30. Rxc4 Rxb2+ 31. Ka1 Rxc4 32. Rxc4 Re2 33.
Ba5 Nb2 34. Rd4 Rxg2 35. Bc3 Rxh2 36. Kb1 Na4 37. Rxa4 Kg6 38. Ra8 1-0

[Event "Memorial Kauska"]
[Site "?"]
[Date "2008.??.??"]
[Round "?"]
[White "Dedina, Miroslav"]
[Black "Popelka, Miloslav"]
[Result "1/2-1/2"]
[WhiteElo "2366"]
[BlackElo "2457"]
[PlyCount "105"]
[EventDate "2008.??.??"]
[EventType "corr"]
[SourceDate "2004.06.03"]

1. e4 c5 2. Nf3 d6 3. d4 cxd4 4. Nxd4 Nf6 5. Nc3 a6 6. Be2 e5 7. Nb3 Be7 8. Bg5
Be6 9. O-O Nbd7 10. a4 Rc8 11. Bf3 O-O 12. Qd2 Nb6 13. Na5 Qc7 14. Rfd1 Nbd7
15. Nb3 Rfd8 16. a5 Qc6 17. Be3 h6 18. Qe2 Bc4 19. Qe1 Nh7 20. Ra4 Bg5 21. Bxg5
Nxg5 22. Bg4 Be6 23. Bxe6 fxe6 24. Rb4 Qc7 25. Na4 Nh7 26. f3 Nhf6 27. c3 d5
28. Qe2 Rf8 29. Qe3 Rf7 30. h3 Rd8 31. Rd2 Qc8 32. Kh2 Kh7 33. Kh1 Qc6 34. Nb6
Kg8 35. Kh2 Rff8 36. Nxd7 Nxd7 37. Rd1 Rc8 38. Nc1 b5 39. axb6 a5 40. Rb3 Rb8
41. exd5 exd5 42. Qe2 a4 43. Rb4 Rfe8 44. Nd3 Rxb6 45. Kh1 e4 46. Rd4 Nf6 47.
Nb4 Qb5 48. Qe3 exf3 49. Qxf3 Qe2 50. R1d2 Qxf3 51. gxf3 Re3 52. Kg2 a3 53.
bxa3 1/2-1/2

[Event "Memorial Kauska"]
[Site "?"]
[Date "2008.??.??"]
[Round "?"]
[White "Dedina, Miroslav"]
[Black "Schwarz, Jan"]
[Result "1-0"]
[WhiteElo "2366"]
[BlackElo "2325"]
[PlyCount "89"]
[EventDate "2008.??.??"]
[EventType "corr"]
[SourceDate "2004.06.03"]

1. e4 e5 2. Nf3 Nf6 3. Nxe5 d6 4. Nf3 Nxe4 5. d4 d5 6. Bd3 Bd6 7. O-O O-O 8. c4
c6 9. Re1 Bg4 10. h3 Bxf3 11. Qxf3 Bb4 12. Nc3 f5 13. a3 Ba5 14. b4 Bb6 15. Ne2
Qf6 16. Be3 Nd7 17. Rac1 Qf7 18. Rc2 Rae8 19. cxd5 cxd5 20. Rec1 Bd8 21. Bf4 a6
22. Bc7 Bg5 23. Nf4 Kh8 24. b5 Qf6 25. bxa6 bxa6 26. Rd1 Bxf4 27. Bxf4 Rc8 28.
Bc7 Rfe8 29. Bf1 Nf8 30. Qd3 Qg5 31. f3 Nf6 32. Qd2 Qxd2 33. Rdxd2 Ra8 34. Bd3
g6 35. Rc6 Kg7 36. Rb2 Re6 37. Bd6 Kg8 38. Bxa6 Rd8 39. Rbb6 N6d7 40. Bxf8 Rxc6
41. Rxc6 Kxf8 42. Rc7 Nf6 43. a4 Ra8 44. Bb5 f4 45. Kf1 1-0

[Event "Memorial Kauska"]
[Site "?"]
[Date "2008.??.??"]
[Round "?"]
[White "Glaser, Karel"]
[Black "Cipka, Ivan"]
[Result "0-1"]
[WhiteElo "2303"]
[BlackElo "2461"]
[PlyCount "88"]
[EventDate "2008.??.??"]
[EventType "corr"]
[SourceDate "2004.06.03"]

1. e4 e5 2. Nf3 Nf6 3. Bb5 Nxe4 4. Qe2 a6 5. Qxe4 axb5 6. Qxe5+ Qe7 7. Qxe7+
Bxe7 8. Nc3 c6 9. O-O O-O 10. d3 d5 11. Bg5 f6 12. Bf4 Re8 13. a3 Na6 14. h3
Bd7 15. Rfe1 Kf7 16. Rab1 Nc5 17. Nd4 Ne6 18. Nxe6 Bxe6 19. Ra1 g5 20. Be3 Bf8
21. Ne2 Bd7 22. c3 Kg6 23. Nd4 c5 24. Nb3 b6 25. d4 Rac8 26. dxc5 bxc5 27. Rad1
Be6 28. Nc1 Bg8 29. Nd3 Bd6 30. f3 h5 31. Bf2 Rxe1+ 32. Rxe1 h4 33. Rd1 Kf5 34.
Be3 Be6 35. Kf2 d4 36. cxd4 cxd4 37. Bxd4 Bg3+ 38. Ke3 Bb3 39. Rf1 Bc4 40. Rd1
Rd8 41. b4 Rd6 42. Nc5 Be5 43. Ne4 Rd7 44. Nc5 Rd8 0-1

[Event "Memorial Kauska"]
[Site "?"]
[Date "2008.??.??"]
[Round "?"]
[White "Glaser, Karel"]
[Black "Gubás, Jan"]
[Result "1-0"]
[WhiteElo "2303"]
[BlackElo "2343"]
[PlyCount "65"]
[EventDate "2008.??.??"]
[EventType "corr"]
[SourceDate "2004.06.03"]

1. e4 e5 2. Nf3 Nc6 3. Bb5 a6 4. Ba4 Nf6 5. O-O Be7 6. Re1 b5 7. Bb3 d6 8. c3
O-O 9. h3 Na5 10. Bc2 c5 11. d4 Qc7 12. Nbd2 cxd4 13. cxd4 Bb7 14. d5 Rac8 15.
Bd3 Nd7 16. Nf1 f5 17. b3 f4 18. Bd2 Ba8 19. Qe2 Qb6 20. Reb1 Rb8 21. Bxa5 Qxa5
22. b4 Qc7 23. a4 bxa4 24. Rxa4 Bb7 25. Bxa6 Rfc8 26. N1d2 Nb6 27. Raa1 Bxa6
28. Rxa6 Bd8 29. b5 Qd7 30. Nb3 Nc4 31. Rc6 Na3 32. Nc5 dxc5 33. Nxe5 1-0

[Event "Memorial Kauska"]
[Site "?"]
[Date "2008.??.??"]
[Round "?"]
[White "Glaser, Karel"]
[Black "Nedoma, Petr"]
[Result "1/2-1/2"]
[WhiteElo "2303"]
[BlackElo "2351"]
[PlyCount "81"]
[EventDate "2008.??.??"]
[EventType "corr"]
[SourceDate "2004.06.03"]

1. e4 c5 2. Nf3 Nc6 3. d4 cxd4 4. Nxd4 Nf6 5. Nc3 e5 6. Ndb5 d6 7. Nd5 Nxd5 8.
exd5 Nb8 9. c4 a6 10. Nc3 Be7 11. Be2 O-O 12. O-O f5 13. f4 Nd7 14. Kh1 b6 15.
fxe5 Nxe5 16. Be3 Bd7 17. Qb3 Rb8 18. Bd4 Ng6 19. Bh5 Bf6 20. Bxf6 Rxf6 21.
Bxg6 Rxg6 22. Rae1 Qg5 23. Rf2 Qh4 24. Ref1 Rh6 25. h3 Qg3 26. Ne2 Qxb3 27.
axb3 Rh4 28. Nf4 Re8 29. Ra1 a5 30. b4 a4 31. b5 g5 32. g3 Rh6 33. Ne6 Bxe6 34.
dxe6 g4 35. Kg2 gxh3+ 36. Kh2 Rhxe6 37. Rxf5 Rg6 38. Rxa4 Re3 39. Ra8+ Kg7 40.
Ra7+ Kg8 41. Ra8+ 1/2-1/2

[Event "Memorial Kauska"]
[Site "?"]
[Date "2008.??.??"]
[Round "?"]
[White "Glaser, Karel"]
[Black "Novák, Vratislav"]
[Result "1/2-1/2"]
[WhiteElo "2303"]
[BlackElo "2305"]
[PlyCount "46"]
[EventDate "2008.??.??"]
[EventType "corr"]
[SourceDate "2004.06.03"]

1. e4 e5 2. Nf3 Nc6 3. Bb5 a6 4. Ba4 Nf6 5. O-O Be7 6. Re1 b5 7. Bb3 d6 8. c3
O-O 9. h3 Bb7 10. d4 Re8 11. a4 h6 12. Nbd2 exd4 13. cxd4 Nb4 14. axb5 axb5 15.
Rxa8 Qxa8 16. Qe2 Qa6 17. e5 Bf8 18. Qd1 dxe5 19. Nxe5 Bd5 20. Bxd5 Nbxd5 21.
Ndf3 c5 22. dxc5 Bxc5 23. Qc2 Qb6 1/2-1/2

[Event "Memorial Kauska"]
[Site "?"]
[Date "2008.??.??"]
[Round "?"]
[White "Glaser, Karel"]
[Black "Pecka, Josef"]
[Result "0-1"]
[WhiteElo "2303"]
[BlackElo "2305"]
[PlyCount "74"]
[EventDate "2008.??.??"]
[EventType "corr"]
[SourceDate "2004.06.03"]

1. e4 c5 2. Nf3 Nc6 3. d4 cxd4 4. Nxd4 Nf6 5. Nc3 e5 6. Ndb5 d6 7. Nd5 Nxd5 8.
exd5 Nb8 9. c4 a6 10. Nc3 Be7 11. Bd3 O-O 12. O-O f5 13. f3 Nd7 14. Be3 Bg5 15.
Bf2 Qf6 16. Qe2 Qh6 17. Rae1 e4 18. fxe4 f4 19. Bd4 Bf6 20. Bxf6 Qxf6 21. Qd1
Ne5 22. Be2 Qh4 23. Rf2 Rf6 24. Ref1 g5 25. a3 Rh6 26. h3 Bxh3 27. gxh3 Qxh3
28. Rg2 Qh1+ 29. Kf2 Qh4+ 30. Kg1 f3 31. Rxf3 Nxf3+ 32. Bxf3 Rf8 33. Qd2 Qh1+
34. Kf2 Rg6 35. Ke3 Qh3 36. Qf2 g4 37. Rg3 Qh6+ 0-1

[Event "Memorial Kauska"]
[Site "?"]
[Date "2008.??.??"]
[Round "?"]
[White "Glaser, Karel"]
[Black "Popelka, Miloslav"]
[Result "1/2-1/2"]
[WhiteElo "2303"]
[BlackElo "2457"]
[PlyCount "52"]
[EventDate "2008.??.??"]
[EventType "corr"]
[SourceDate "2004.06.03"]

1. e4 c5 2. Nf3 d6 3. d4 cxd4 4. Nxd4 Nf6 5. Nc3 a6 6. Be3 e6 7. Be2 Qc7 8. a4
b6 9. f3 Bb7 10. Qd2 Be7 11. g4 Nfd7 12. O-O-O Nc6 13. Kb1 O-O 14. h4 b5 15.
Bg5 Nf6 16. Nb3 b4 17. Na2 d5 18. Bxf6 Bxf6 19. exd5 Qe5 20. c4 bxc3 21. Nxc3
Nb4 22. Nc5 Nxd5 23. Nxd5 Qxd5 24. Nd7 Qb3 25. Nc5 Qb6 26. Nd7 Qb3 1/2-1/2

[Event "Memorial Kauska"]
[Site "?"]
[Date "2008.??.??"]
[Round "?"]
[White "Glaser, Karel"]
[Black "Valák, Alois"]
[Result "1/2-1/2"]
[WhiteElo "2303"]
[BlackElo "2350"]
[PlyCount "89"]
[EventDate "2008.??.??"]
[EventType "corr"]
[SourceDate "2004.06.03"]

1. e4 c5 2. Nf3 Nc6 3. d4 cxd4 4. Nxd4 Nf6 5. Nc3 e5 6. Ndb5 d6 7. Nd5 Nxd5 8.
exd5 Nb8 9. c4 Be7 10. Bd3 a6 11. Nc3 O-O 12. O-O f5 13. f3 Nd7 14. Be3 Bg5 15.
Bf2 Qf6 16. Na4 Qh6 17. Qe2 e4 18. fxe4 f4 19. Bd4 Bf6 20. Bxf6 Qxf6 21. Qd1
Ne5 22. Be2 Qg6 23. Kh1 Qxe4 24. Nb6 Rb8 25. Re1 Qg6 26. Nxc8 Rbxc8 27. Rc1 Rf6
28. b4 f3 29. gxf3 Rf4 30. Rg1 Qf5 31. Rc3 g6 32. Qb1 Qf7 33. Qb3 Rd4 34. c5
dxc5 35. bxc5 Qxd5 36. Qxd5+ Rxd5 37. f4 Nf7 38. Rb1 Rc7 39. Bf3 Rdxc5 40. Rxc5
Rxc5 41. Rxb7 Rf5 42. Ra7 Rxf4 43. Bd5 Kf8 44. a4 Ne5 45. Rxa6 1/2-1/2

[Event "Memorial Kauska"]
[Site "?"]
[Date "2008.??.??"]
[Round "?"]
[White "Gubás, Jan"]
[Black "Dedina, Miroslav"]
[Result "0-1"]
[WhiteElo "2343"]
[BlackElo "2366"]
[PlyCount "96"]
[EventDate "2008.??.??"]
[EventType "corr"]
[SourceDate "2004.06.03"]

1. e4 c6 2. d4 d5 3. e5 c5 4. dxc5 Nc6 5. Bb5 e6 6. Be3 Nh6 7. Qd3 Nf5 8. Nf3
Nxe3 9. Qxe3 Qa5+ 10. Nc3 a6 11. Bxc6+ bxc6 12. Nd4 Bxc5 13. O-O Rb8 14. b3 Bd7
15. a3 Bxd4 16. Qxd4 c5 17. Qd3 O-O 18. Qg3 Qc7 19. Rfe1 a5 20. Ne2 a4 21. Nf4
Kh8 22. Rec1 Qa7 23. h3 Bc6 24. Rcb1 Rfc8 25. Nh5 Rg8 26. Nf4 axb3 27. cxb3 d4
28. Rc1 Be4 29. b4 Rbc8 30. Qg4 Bf5 31. Qe2 g5 32. Nh5 g4 33. h4 c4 34. Ng3 Qc7
35. Rd1 Rgd8 36. Nxf5 exf5 37. Rac1 c3 38. Rd3 Qe7 39. Qd1 Rc4 40. g3 Kg7 41.
Qe2 Ra8 42. f3 Qe6 43. fxg4 fxg4 44. Qa2 h5 45. Kh2 Rb8 46. Qf2 Rd8 47. Re1 Rd5
48. Qa2 Rc6 0-1

[Event "Memorial Kauska"]
[Site "?"]
[Date "2008.??.??"]
[Round "?"]
[White "Gubás, Jan"]
[Black "Kostál, Jindrich"]
[Result "1/2-1/2"]
[WhiteElo "2343"]
[BlackElo "2377"]
[PlyCount "87"]
[EventDate "2008.??.??"]
[EventType "corr"]
[SourceDate "2004.06.03"]

1. e4 e5 2. Nf3 Nc6 3. Bb5 a6 4. Ba4 Nf6 5. O-O Be7 6. Re1 b5 7. Bb3 O-O 8. c3
d6 9. d4 Bg4 10. Be3 exd4 11. cxd4 d5 12. e5 Ne4 13. h3 Bh5 14. Nc3 Nxc3 15.
bxc3 Na5 16. Bc2 Nc4 17. Qd3 Bg6 18. Qe2 Bxc2 19. Qxc2 Rb8 20. a4 b4 21. cxb4
Rxb4 22. Bd2 Rb7 23. Bc3 Qd7 24. Qd3 Qc6 25. a5 Rb3 26. Reb1 Rfb8 27. Rxb3 Rxb3
28. Qc2 Rb5 29. Qf5 Qe6 30. Qc2 Qg6 31. Qxg6 fxg6 32. Kf1 Kf7 33. Ke2 Ke6 34.
Kd3 g5 35. Nd2 Nxd2 36. Bxd2 c5 37. Rc1 h6 38. f3 Rb3+ 39. Kc2 Rb5 40. Kd3 Kd7
41. Bc3 c4+ 42. Kc2 Ke6 43. Rb1 Rxb1 44. Kxb1 1/2-1/2

[Event "Memorial Kauska"]
[Site "?"]
[Date "2008.??.??"]
[Round "?"]
[White "Gubás, Jan"]
[Black "Kýhos, Alois"]
[Result "1/2-1/2"]
[WhiteElo "2343"]
[BlackElo "2371"]
[PlyCount "59"]
[EventDate "2008.??.??"]
[EventType "corr"]
[SourceDate "2004.06.03"]

1. e4 e5 2. Nf3 Nc6 3. Bb5 a6 4. Ba4 Nf6 5. O-O Be7 6. Re1 O-O 7. c3 d6 8. d4
Re8 9. d5 b5 10. Bc2 Na7 11. Nbd2 Bd7 12. Nf1 Nc8 13. Ne3 Nb6 14. b3 Qc8 15. c4
c6 16. c5 dxc5 17. Nxe5 cxd5 18. Nxd7 Nbxd7 19. Nxd5 Nxd5 20. exd5 Qc7 21. a4
Bf6 22. Ra2 Bc3 23. Re2 Nf6 24. d6 Qc6 25. Bd3 Qd5 26. Rxe8+ Rxe8 27. Be3 Rd8
28. axb5 axb5 29. Be2 Bd4 30. Bxb5 1/2-1/2

[Event "Memorial Kauska"]
[Site "?"]
[Date "2008.??.??"]
[Round "?"]
[White "Gubás, Jan"]
[Black "Pecka, Josef"]
[Result "1/2-1/2"]
[WhiteElo "2343"]
[BlackElo "2305"]
[PlyCount "79"]
[EventDate "2008.??.??"]
[EventType "corr"]
[SourceDate "2004.06.03"]

1. e4 e6 2. d4 d5 3. Nd2 Nf6 4. e5 Nfd7 5. Bd3 c5 6. c3 Nc6 7. Ne2 cxd4 8. cxd4
f6 9. exf6 Nxf6 10. O-O Bd6 11. Nf3 O-O 12. Re1 Ng4 13. h3 Nxf2 14. Kxf2 e5 15.
Kg1 e4 16. Bxe4 dxe4 17. Ng5 Kh8 18. Nxe4 Bxh3 19. Bg5 Qd7 20. d5 Nb4 21. Qb3
Bg4 22. N2g3 Bxg3 23. Qxg3 Nxd5 24. Nc5 Qc6 25. Rac1 h5 26. Kh2 Qg6 27. Bh4 Qb6
28. Nd3 Rae8 29. Ne5 Kg8 30. Nxg4 hxg4 31. Rxe8 Rxe8 32. Re1 Rxe1 33. Qxe1 Qd6+
34. Qg3 Qb4 35. Qe5 Qf4+ 36. Qxf4 Nxf4 37. Bf2 b6 38. Kg3 Nd3 39. Bd4 Nc1 40.
Kxg4 1/2-1/2

[Event "Memorial Kauska"]
[Site "?"]
[Date "2008.??.??"]
[Round "?"]
[White "Gubás, Jan"]
[Black "Sýkora, Josef"]
[Result "1/2-1/2"]
[WhiteElo "2343"]
[BlackElo "2322"]
[PlyCount "69"]
[EventDate "2008.??.??"]
[EventType "corr"]
[SourceDate "2004.06.03"]

1. e4 e5 2. Nf3 Nc6 3. Bb5 a6 4. Ba4 Nf6 5. O-O Be7 6. Re1 b5 7. Bb3 O-O 8. c3
d6 9. h3 Nb8 10. d4 Nbd7 11. Nbd2 Bb7 12. Bc2 Re8 13. Nf1 Bf8 14. Ng3 g6 15.
Bd2 Bg7 16. Qc1 d5 17. Bg5 Qc8 18. Nxe5 Nxe5 19. dxe5 Nxe4 20. Bxe4 dxe4 21.
Bf6 Bxf6 22. exf6 Qe6 23. Qf4 Qd6 24. Qh4 e3 25. fxe3 Qe5 26. e4 Re6 27. Rf1 h6
28. Rad1 Qg5 29. Rf4 Qxh4 30. Rxh4 Rxf6 31. Rxh6 Rf4 32. Rf1 Rxf1+ 33. Kxf1 Rd8
34. Ke2 Bc8 35. Rh4 1/2-1/2